Report on the situation regarding human rights in Haiti. (Record no. 51540)

MARC details
000 -LEADER
fixed length control field 00903cam a22002531 4500
001 - CONTROL NUMBER
control field pa 64000107
003 - CONTROL NUMBER IDENTIFIER
control field DLC
005 - DATE AND TIME OF LATEST TRANSACTION
control field 20260227111856.0
008 - FIXED-LENGTH DATA ELEMENTS--GENERAL INFORMATION
fixed length control field 791031s1963 dcu i000 0 eng
010 ## - LIBRARY OF CONGRESS CONTROL NUMBER
LC control number pa 64000107
035 ## - SYSTEM CONTROL NUMBER
System control number (OCoLC)5629099
040 ## - CATALOGING SOURCE
Original cataloging agency DLC
Transcribing agency NGenoU
Modifying agency DLC
042 ## - AUTHENTICATION CODE
Authentication code premarc
043 ## - GEOGRAPHIC AREA CODE
Geographic area code nwht---
050 00 - LIBRARY OF CONGRESS CALL NUMBER
Classification number F1405.5 1959
Item number .O7 OEA/ser.L/V.II.8, Doc. 5
110 2# - MAIN ENTRY--CORPORATE NAME
Corporate name or jurisdiction name as entry element Inter-American Commission on Human Rights.
245 10 - TITLE STATEMENT
Title Report on the situation regarding human rights in Haiti.
260 ## - PUBLICATION, DISTRIBUTION, ETC.
Place of publication, distribution, etc. Washington,
Name of publisher, distributor, etc. Pan American Union,
Date of publication, distribution, etc. 1963.
300 ## - PHYSICAL DESCRIPTION
Extent 37 p.
Dimensions 28 cm.
490 1# - SERIES STATEMENT
Series statement OEA/ser. L/v/II.8, Doc. 5 (English)
500 ## - GENERAL NOTE
General note "Approved by the Inter-American Commission on Human Rights at the fourteenth meeting of its seventh session held on October 21, 1963."
650 #0 - SUBJECT ADDED ENTRY--TOPICAL TERM
Topical term or geographic name entry element Civil rights
Geographic subdivision Haiti.
830 #0 - SERIES ADDED ENTRY--UNIFORM TITLE
Uniform title OAS official records ;
Volume/sequential designation OEA/ser. L/v/II.8, Doc. 5.

No items available.

Powered by Koha